| 000 | 00402 a2200133 4500 | ||
|---|---|---|---|
| 001 | ART_46685 | ||
| 005 | 20260410162040.0 | ||
| 008 | 260409a | ||
| 245 | 1 | 0 | _aCrecimiento económico y concentración del ingreso |
| 100 | 1 | _aAraujo, Jair Andrade | |
| 700 | 1 | _aMarinho, Emerson | |
| 700 | 1 | _aCampêlo, Guaracyane Lima | |
| 773 | 0 |
_tRevista Cepal _g- Nº 123 (dic. 2017) _wREV45125 |
|
| 999 |
_c34763 _d34763 |
||